| 000 | 00626nam a2200229 i 4500 | ||
|---|---|---|---|
| 001 | 66669 | ||
| 003 | ES-MaACL | ||
| 005 | 20250315062548.0 | ||
| 007 | t| | ||
| 008 | 030430s2003 sp ||||1| spa d | ||
| 020 | _a84-321-3440-6 | ||
| 080 | _a821.134.2-14"19" | ||
| 100 | 1 |
_aRodríguez Tobal, Juan Manuel. _998841 |
|
| 245 | 1 | 0 |
_aGrillos / _cJuan Manuel Rodríguez Tobal. |
| 260 |
_aMadrid : _bRialp, _c[2003] |
||
| 300 |
_a66 p. ; _c18 cm. |
||
| 490 | 1 |
_aAdonáis ; _v571 |
|
| 586 | _aPremio "San Juan de la Cruz" 2003 | ||
| 830 | 1 | 0 |
_aAdonáis _v571 _9173743 |
| 852 | 4 |
_aES-MaACL _jJ-23-571 |
|
| 999 |
_c66669 _d66669 |
||